Giáo trình luật thương mại

保存先:
書誌詳細
第一著者: Nguyễn, Viết Tý
フォーマット: 図書
言語:Undetermined
出版事項: Hà Nội Công an nhân dân 2007
主題:
タグ: タグ追加
タグなし, このレコードへの初めてのタグを付けませんか!
Thư viện lưu trữ: Trung tâm Học liệu Trường Đại học Cần Thơ
LEADER 00693nam a2200217Ia 4500
001 CTU_131077
008 210402s9999 xx 000 0 und d
020 |c 42000 
082 |a 346.59707 
082 |b T600/T1 
100 |a Nguyễn, Viết Tý 
245 0 |a Giáo trình luật thương mại 
245 0 |c Nguyễn Viết Tý (chủ biên) ... [et al.] 
260 |a Hà Nội 
260 |b Công an nhân dân 
260 |c 2007 
526 |a Luật kinh tế,Pháp luật về hợp đồng trong kinh doanh 
526 |b KL602,KL603 
650 |a Commercial law 
904 |i Nguyên 
980 |a Trung tâm Học liệu Trường Đại học Cần Thơ